000 00558nam a2200157Ia 4500
003 Ost
005 20260507075742.0
008 260507s9999||||xx |||||||||||||| ||und||
040 _cfsecg
041 _aara
082 _a330
100 _aالشيخ، نظام موسى
_eمؤلف
245 0 _aالآثار الاقتصادية والمالية لتلوث البيئة ووسائل الحماية منها /
_c نظام موسى الشيخ
260 _aالاسكندرية:
_bمكتبة ومطبعة الاشعاع الفنية,
_c2002
942 _cكتاب
999 _c46156
_d46156